Ventas y propaganda por correo / (Record no. 176031)

MARC details
000 -LEADER
campo de control de longitud fija 00676nam a22002175i 4500
001 - NÚMERO DE CONTROL
campo de control 176031
003 - IDENTIFICADOR DE NÚMERO DE CONTROL
campo de control ES-MaACL
005 - FECHA Y HORA DE LA ÚLTIMA TRANSACCIÓN
campo de control 20230906215954.0
008 - DATOS DE LONGITUD FIJA--INFORMACIÓN GENERAL
campo de control de longitud fija 101210s1960 sp a |||| | spa d
080 ## - NÚMERO DE LA CLASIFICACIÓN DECIMAL UNIVERSAL
Número de la Clasificación Decimal Universal 658.84:656.8
100 1# - ENTRADA PRINCIPAL--NOMBRE DE PERSONA
Nombre de persona Gama, Rafael.
9 (RLIN) 144252
245 10 - MENCIÓN DEL TÍTULO
Título Ventas y propaganda por correo /
Mención de responsabilidad, etc. por Rafael Gama.
250 ## - MENCION DE EDICION
Mención de edición 2ª ed.
260 ## - PUBLICACIÓN, DISTRIBUCIÓN, ETC.
Lugar de publicación, distribución, etc. Barcelona :
Nombre del editor, distribuidor, etc. Juan Bruguer,
Fecha de publicación, distribución, etc. 1960.
300 ## - DESCRIPCIÓN FÍSICA
Extensión 204 p. :
Otras características físicas il. bl. y n. ;
Dimensiones 22 cm.
490 1# - MENCIÓN DE SERIE
Mención de serie Biblioteca moderna de publicidad ;
Designación de volumen o secuencia IV
650 04 - PUNTO DE ACCESO ADICIONAL DE MATERIA--TÉRMINO DE MATERIA
Término de materia o nombre geográfico como elemento de entrada Venta por correo.
9 (RLIN) 17763
830 0# - PUNTO DE ACCESO ADICIONAL DE SERIE-TÍTULO UNIFORME
Título uniforme Biblioteca moderna de publicidad ;
Designación de volumen o secuencia IV
9 (RLIN) 189904
852 ## - LOCALIZACIÓN
Ubicación ES-MaACL
Número de control de estantería E-13767
Encuadernación Olim P-1022
Holdings
Estatus retirado Estado de pérdida Estado de daño No para préstamo Biblioteca de origen Biblioteca actual Ubicación en estantería Fecha de adquisición Fuente de adquisición Total de préstamos Signatura topográfica completa Código de barras Visto por última vez Precio de reemplazo Tipo de ítem Koha
        Biblioteca del Ateneo de Madrid Biblioteca del Ateneo de Madrid Depósito 2 10/12/2010     E-13767 1184869 23/02/2023 23/02/2023 Libro impreso